<?xml version="1.0" encoding="UTF-8"?>
<record
    xmlns:xsi="http://www.w3.org/2001/XMLSchema-instance"
    xsi:schemaLocation="http://www.loc.gov/MARC21/slim http://www.loc.gov/standards/marcxml/schema/MARC21slim.xsd"
    xmlns="http://www.loc.gov/MARC21/slim">

  <leader>00612nam a22001337a 4500</leader>
  <datafield tag="040" ind1=" " ind2=" ">
    <subfield code="c">RUA</subfield>
  </datafield>
  <datafield tag="082" ind1=" " ind2=" ">
    <subfield code="a">FOR HEA 2015 B487 Or.1</subfield>
  </datafield>
  <datafield tag="100" ind1=" " ind2=" ">
    <subfield code="a">HEAN SAMNAG;</subfield>
  </datafield>
  <datafield tag="245" ind1=" " ind2=" ">
    <subfield code="a">Forestcover resource assessment at preah vihear protected forest in 2014; &#x1780;&#x17B6;&#x179A;&#x179C;&#x17B6;&#x1799;&#x178F;&#x1798;&#x17D2;&#x179B;&#x17C3;&#x1792;&#x1793;&#x1792;&#x17B6;&#x1793;&#x1782;&#x1798;&#x17D2;&#x179A;&#x1794;&#x1796;&#x17D2;&#x179A;&#x17C3;&#x1788;&#x17BE;&#x1780;&#x17D2;&#x1793;&#x17BB;&#x1784;&#x178F;&#x17C6;&#x1794;&#x1793;&#x17CB;&#x1796;&#x17D2;&#x179A;&#x17C3;&#x1780;&#x17B6;&#x179A;&#x1796;&#x17B6;&#x179A;&#x1796;&#x17D2;&#x179A;&#x17C7;&#x179C;&#x17B7;&#x17A0;&#x17B6;&#x179A; &#x1786;&#x17D2;&#x1793;&#x17B6;&#x17C6;&#x17E2;&#x17E0;&#x17E1;&#x17E4;</subfield>
  </datafield>
  <datafield tag="260" ind1=" " ind2=" ">
    <subfield code="a">Phnom Penh</subfield>
    <subfield code="b">RUA</subfield>
    <subfield code="c">2015</subfield>
  </datafield>
  <datafield tag="300" ind1=" " ind2=" ">
    <subfield code="a">xi;37p.</subfield>
    <subfield code="b">ill.</subfield>
    <subfield code="c">29cm.</subfield>
  </datafield>
  <datafield tag="856" ind1=" " ind2=" ">
    <subfield code="u">FORESTCOVER RESOURCE ASSESSMENT AT PREAH VIHEAR PROTECTED FOREST IN 2014</subfield>
  </datafield>
  <datafield tag="942" ind1=" " ind2=" ">
    <subfield code="c">FOR</subfield>
  </datafield>
  <datafield tag="999" ind1=" " ind2=" ">
    <subfield code="c">8274</subfield>
    <subfield code="d">8274</subfield>
  </datafield>
  <datafield tag="952" ind1=" " ind2=" ">
    <subfield code="0">0</subfield>
    <subfield code="1">0</subfield>
    <subfield code="2">ddc</subfield>
    <subfield code="4">0</subfield>
    <subfield code="6">FOR_HEA_2015_000000000000000_B487_OR_1</subfield>
    <subfield code="7">0</subfield>
    <subfield code="9">47499</subfield>
    <subfield code="a">LBB</subfield>
    <subfield code="b">LBB</subfield>
    <subfield code="c">B487</subfield>
    <subfield code="d">2016-07-02</subfield>
    <subfield code="o">FOR HEA 2015 B487 Or.1</subfield>
    <subfield code="p">RUA058426</subfield>
    <subfield code="r">2016-07-02</subfield>
    <subfield code="w">2016-07-02</subfield>
    <subfield code="y">FOR</subfield>
  </datafield>
  <datafield tag="952" ind1=" " ind2=" ">
    <subfield code="0">0</subfield>
    <subfield code="1">0</subfield>
    <subfield code="2">ddc</subfield>
    <subfield code="4">0</subfield>
    <subfield code="6">FOR_HEA_2015_000000000000000_B487_OR_2</subfield>
    <subfield code="7">0</subfield>
    <subfield code="9">47500</subfield>
    <subfield code="a">LBB</subfield>
    <subfield code="b">LBB</subfield>
    <subfield code="c">B487</subfield>
    <subfield code="d">2016-07-02</subfield>
    <subfield code="o">FOR HEA 2015 B487 Or.2</subfield>
    <subfield code="p">RUA058427</subfield>
    <subfield code="r">2016-07-02</subfield>
    <subfield code="w">2016-07-02</subfield>
    <subfield code="y">FOR</subfield>
  </datafield>
  <datafield tag="952" ind1=" " ind2=" ">
    <subfield code="0">0</subfield>
    <subfield code="1">0</subfield>
    <subfield code="2">ddc</subfield>
    <subfield code="4">0</subfield>
    <subfield code="6">FOR_HEA_2015_000000000000000_B487_OR_3</subfield>
    <subfield code="7">0</subfield>
    <subfield code="9">47501</subfield>
    <subfield code="a">LBB</subfield>
    <subfield code="b">LBB</subfield>
    <subfield code="c">B487</subfield>
    <subfield code="d">2016-07-02</subfield>
    <subfield code="o">FOR HEA 2015 B487 Or.3</subfield>
    <subfield code="p">RUA057309</subfield>
    <subfield code="r">2016-07-02</subfield>
    <subfield code="w">2016-07-02</subfield>
    <subfield code="y">FOR</subfield>
  </datafield>
  <datafield tag="952" ind1=" " ind2=" ">
    <subfield code="0">0</subfield>
    <subfield code="1">0</subfield>
    <subfield code="2">ddc</subfield>
    <subfield code="4">0</subfield>
    <subfield code="6">FOR_HEA_2015_000000000000000_B487_OR_4</subfield>
    <subfield code="7">0</subfield>
    <subfield code="9">47502</subfield>
    <subfield code="a">LBB</subfield>
    <subfield code="b">LBB</subfield>
    <subfield code="c">B487</subfield>
    <subfield code="d">2016-07-02</subfield>
    <subfield code="o">FOR HEA 2015 B487 Or.4</subfield>
    <subfield code="p">RUA057470</subfield>
    <subfield code="r">2016-07-02</subfield>
    <subfield code="w">2016-07-02</subfield>
    <subfield code="y">FOR</subfield>
  </datafield>
  <datafield tag="952" ind1=" " ind2=" ">
    <subfield code="0">0</subfield>
    <subfield code="1">0</subfield>
    <subfield code="2">ddc</subfield>
    <subfield code="4">0</subfield>
    <subfield code="6">FOR_HEA_2015_000000000000000_B487_OR_5</subfield>
    <subfield code="7">0</subfield>
    <subfield code="9">47503</subfield>
    <subfield code="a">LBB</subfield>
    <subfield code="b">LBB</subfield>
    <subfield code="c">B487</subfield>
    <subfield code="d">2016-07-02</subfield>
    <subfield code="o">FOR HEA 2015 B487 Or.5</subfield>
    <subfield code="p">RUA058787</subfield>
    <subfield code="r">2016-07-02</subfield>
    <subfield code="w">2016-07-02</subfield>
    <subfield code="y">FOR</subfield>
  </datafield>
  <datafield tag="952" ind1=" " ind2=" ">
    <subfield code="0">0</subfield>
    <subfield code="1">0</subfield>
    <subfield code="2">ddc</subfield>
    <subfield code="4">0</subfield>
    <subfield code="6">FOR_HEA_2015_000000000000000_B487_OR_6</subfield>
    <subfield code="7">0</subfield>
    <subfield code="9">47504</subfield>
    <subfield code="a">LBB</subfield>
    <subfield code="b">LBB</subfield>
    <subfield code="c">B487</subfield>
    <subfield code="d">2016-07-02</subfield>
    <subfield code="o">FOR HEA 2015 B487 Or.6</subfield>
    <subfield code="p">RUA058872</subfield>
    <subfield code="r">2016-07-02</subfield>
    <subfield code="w">2016-07-02</subfield>
    <subfield code="y">FOR</subfield>
  </datafield>
  <datafield tag="952" ind1=" " ind2=" ">
    <subfield code="0">0</subfield>
    <subfield code="1">0</subfield>
    <subfield code="2">ddc</subfield>
    <subfield code="4">0</subfield>
    <subfield code="6">FOR_HEA_2015_000000000000000_B487_OR_7</subfield>
    <subfield code="7">0</subfield>
    <subfield code="9">47505</subfield>
    <subfield code="a">LBB</subfield>
    <subfield code="b">LBB</subfield>
    <subfield code="c">B487</subfield>
    <subfield code="d">2016-07-02</subfield>
    <subfield code="o">FOR HEA 2015 B487 Or.7</subfield>
    <subfield code="p">RUA058803</subfield>
    <subfield code="r">2016-07-02</subfield>
    <subfield code="w">2016-07-02</subfield>
    <subfield code="y">FOR</subfield>
  </datafield>
  <datafield tag="952" ind1=" " ind2=" ">
    <subfield code="0">0</subfield>
    <subfield code="1">0</subfield>
    <subfield code="2">ddc</subfield>
    <subfield code="4">0</subfield>
    <subfield code="6">FOR_HEA_2015_000000000000000_B487_OR_8</subfield>
    <subfield code="7">0</subfield>
    <subfield code="9">47506</subfield>
    <subfield code="a">LBB</subfield>
    <subfield code="b">LBB</subfield>
    <subfield code="c">B487</subfield>
    <subfield code="d">2016-07-02</subfield>
    <subfield code="l">3</subfield>
    <subfield code="o">FOR HEA 2015 B487 Or.8</subfield>
    <subfield code="p">RUA058225</subfield>
    <subfield code="r">2023-08-28</subfield>
    <subfield code="s">2023-02-14</subfield>
    <subfield code="w">2016-07-02</subfield>
    <subfield code="y">FOR</subfield>
  </datafield>
</record>
